Visualizzazione normale
Vista MARC
- CULTURALE
di Topical Term
Records bibliografici associati: 1
001 - CONTROL NUMBER
- control field: 50887
003 - CONTROL NUMBER IDENTIFIER
- control field: IT-RoPau
005 - DATE AND TIME OF LATEST TRANSACTION
- control field: 20151202152322.0
008 - FIXED-LENGTH DATA ELEMENTS
- fixed length control field: 151202|| aca||aabn | a|a d
040 ## - CATALOGING SOURCE
- Original cataloging agency: IT-RoPau
- Transcribing agency: IT-RoPau
150 ## - HEADING--TOPICAL TERM
- Topical term or geographic name entry element: CULTURALE
- : STUDI SUL CINEMA [VHS]
- General subdivision: Codice MATERIA SPICS: 9959
670 ## - SOURCE DATA FOUND
- Source citation: Work cat.: (IT-RoPau)107194: Scaffa Luciano Codice regista SPICS: 4848 50885, ROBERTO ROSSELLINI, DIECI ANNI-4-STORIA, SCIENZA, FUTURO ROBERTO ROSSELLINI, DIECI ANNI-4-STORIA, SCIENZA, FUTURO (Rif. Codice opera principale : 60350)